Special reports, clearinghouse of studies on higher education. (Record no. 34208)
[ view plain ]
| 000 -LEADER | |
|---|---|
| fixed length control field | 00938cam a22002771 4500 |
| 001 - CONTROL NUMBER | |
| control field | hew59000071 |
| 003 - CONTROL NUMBER IDENTIFIER | |
| control field | DLC |
| 005 - DATE AND TIME OF LATEST TRANSACTION | |
| control field | 20260227111509.0 |
| 008 - FIXED-LENGTH DATA ELEMENTS--GENERAL INFORMATION | |
| fixed length control field | 731119u19uuuuuudcu f000 0 eng |
| 010 ## - LIBRARY OF CONGRESS CONTROL NUMBER | |
| LC control number | hew59000071 |
| 035 ## - SYSTEM CONTROL NUMBER | |
| System control number | (OCoLC)744094 |
| 040 ## - CATALOGING SOURCE | |
| Original cataloging agency | DLC |
| Transcribing agency | OClU |
| Modifying agency | OCoLC |
| -- | DLC |
| 042 ## - AUTHENTICATION CODE | |
| Authentication code | premarc |
| 050 00 - LIBRARY OF CONGRESS CALL NUMBER | |
| Classification number | L111 |
| Item number | .A72 subser. |
| 051 ## - LIBRARY OF CONGRESS COPY, ISSUE, OFFPRINT STATEMENT | |
| Classification number | LB2305 |
| Item number | .U52 |
| Copy information | Set 2 |
| 110 1# - MAIN ENTRY--CORPORATE NAME | |
| Corporate name or jurisdiction name as entry element | United States. |
| Subordinate unit | Office of Education. |
| -- | Division of Higher Education. |
| 245 10 - TITLE STATEMENT | |
| Title | Special reports, clearinghouse of studies on higher education. |
| 246 3# - VARYING FORM OF TITLE | |
| Title proper/short title | Clearinghouse of studies on higher education |
| 260 ## - PUBLICATION, DISTRIBUTION, ETC. | |
| Place of publication, distribution, etc. | Washington : |
| Name of publisher, distributor, etc. | U.S. Dept. of Health, Education, and Welfare, Office of Education, |
| 300 ## - PHYSICAL DESCRIPTION | |
| Extent | v. ; |
| Dimensions | 26 cm. |
| 440 #0 - SERIES STATEMENT/ADDED ENTRY--TITLE | |
| Title | Circular (United States. Office of Education) ; |
| Volume/sequential designation | no. <563>- |
| 500 ## - GENERAL NOTE | |
| General note | Serial. |
| 650 #0 - SUBJECT ADDED ENTRY--TOPICAL TERM | |
| Topical term or geographic name entry element | Education, Higher. |
| 650 #0 - SUBJECT ADDED ENTRY--TOPICAL TERM | |
| Topical term or geographic name entry element | Education |
| General subdivision | Research. |
| 700 1# - ADDED ENTRY--PERSONAL NAME | |
| Personal name | Hatch, Winslow Roper, |
| Dates associated with a name | 1908- |
No items available.